| Tag |
First Indicator |
Second Indicator |
Subfields |
| LEADER |
00000cam a2200000 a 4500 |
| 001 |
in00000085334 |
| 005 |
20151008055837.0 |
| 008 |
760116s1972 akua b s00000 engm |
| 010 |
|
|
|a 75623123
|
| 035 |
|
|
|a (OCoLC)02005843
|
| 035 |
|
|
|9 AAJ4536AM
|
| 040 |
|
|
|a DLC
|c DLC
|d TXA
|d UtOrBLW
|
| 043 |
|
|
|a n-us-ak
|
| 049 |
|
|
|a TXAM
|c [933183]
|
| 050 |
0 |
0 |
|a GV191.42.A4
|b A4 1972
|
| 082 |
0 |
|
|a 301.5/7/09798
|
| 110 |
1 |
|
|a Alaska.
|b Division of Parks.
|
| 245 |
1 |
0 |
|a Alaska recreation trail plan.
|
| 264 |
|
1 |
|a [Juneau?] :
|b Division of Parks, Dept. of Natural Resources, State of Alaska,
|c [1972?]
|
| 300 |
|
|
|a 115 pages :
|b illustrations ;
|c 28 cm.
|
| 336 |
|
|
|a text
|b txt
|2 rdacontent
|
| 337 |
|
|
|a unmediated
|b n
|2 rdamedia
|
| 338 |
|
|
|a volume
|b nc
|2 rdacarrier
|
| 500 |
|
|
|a "Prepared by the Division of Parks and the Alaska Environmental Institute"--introduction.
|
| 504 |
|
|
|a Bibliography: pages 91-93.
|
| 650 |
|
0 |
|a Outdoor recreation
|z Alaska.
|
| 650 |
|
0 |
|a Trails
|z Alaska.
|
| 650 |
|
0 |
|a Parks
|z Alaska.
|
| 710 |
1 |
|
|a Alaska Environmental Institute.
|
| 999 |
|
|
|a MARS
|
| 999 |
f |
f |
|s 50e5bfc9-6aed-31d5-be65-48658971d2e1
|i 860084c8-efe6-303f-8af3-43adf53f17ad
|t 0
|
| 952 |
f |
f |
|p ric
|a Texas A&M University
|b Rellis Campus
|c Joint Library Facility
|d Remote Storage
|t 0
|e GV191.42.A4 A4 1972
|h Library of Congress classification
|i unmediated -- volume
|m A14806115444
|
| 998 |
f |
f |
|a GV191.42.A4 A4 1972
|t 0
|l Remote Storage
|